000 00568nam a2200217 a 4500
001 BRCA_4278
005 20190320204619.0
008 230610s1961----nyu#######---#000-0#eng-#
041 _aeng
044 _anyu
050 4 _aPZ3
_b.K46 1961
100 1 _aKendrick, Baynard Harwick
_911017
245 1 0 _aFrankincense and Murder
_cBaynard Harwick Kendrick.
260 _aNueva York
_bDodd Mead
_c1961
300 _a212 p.
_c21 cm.
440 0 _aRed badge detective
_911018
500 _aCEF73
650 1 4 _aNovelas policĂ­acas
_9877
902 _aGFM
942 _2lcc
_cB
999 _c3989
_d3989